Evolúcia trhu na báze multiagentových metód : Dát. obhaj. 2.12.2010, čís.ved.odb. 38-01-09
Enregistré dans:
| Auteur principal: | |
|---|---|
| Autres auteurs: | |
| Format: | Manuscrit Livre |
| Langue: | slovaque |
| Publié: |
Bratislava :
STU v Bratislave FEI,
2010
|
| Sujets: | |
| Tags: |
Pas de tags, Soyez le premier à ajouter un tag!
|
MARC
| LEADER | 00000ntm a22000003a 4500 | ||
|---|---|---|---|
| 001 | stu219989 | ||
| 005 | 20220317164843.7 | ||
| 008 | 110113s2010----xo------------------slo-d | ||
| 040 | |a STU |b slo | ||
| 041 | 0 | |a slo | |
| 044 | |a xo | ||
| 100 | 1 | |a Mišota, Branislav, |d 1977- |4 aut |u R2020 |U Ostatné univerzitné pracoviská |T Ústav manažmentu STU |X 10004 |U R2020 |Y 232 |7 A000010004 | |
| 245 | 1 | |a Evolúcia trhu na báze multiagentových metód : |b Dát. obhaj. 2.12.2010, čís.ved.odb. 38-01-09 | |
| 260 | |a Bratislava : |b STU v Bratislave FEI, |c 2010 | ||
| 300 | |a 136 s | ||
| 650 | 7 | |a Automatizácia a riadenie |2 stusub | |
| 700 | 1 | |a Andrášik, Ladislav, |d 1939- |4 ths |u R2020 |U Ostatné univerzitné pracoviská |T Ústav manažmentu STU |X 1985 |U R2020 |Y 232 |7 A000001985 | |
| 996 | |b 284ED01313 |c E*ZP-177 |l EE01 |s A |a 24 |w stu219989_0001 | ||